| 000 | 00551nam a22002057a 4500 | ||
|---|---|---|---|
| 003 | OSt | ||
| 005 | 20140310182847.0 | ||
| 008 | 130613t xxu||||| |||| 00| 0 eng d | ||
| 050 |
_aE 169 _b.Y81 1984 |
||
| 082 |
_aM 917.304 _bY8 1984 |
||
| 245 | _aYour new life in the United States / | ||
| 260 |
_aWashington, DC : _bCenter for Applied Linguistics, _c1981 |
||
| 300 |
_a213 p . : _bill. ; _c15 cm. |
||
| 521 | _acollege students | ||
| 526 | _c1210L-1700L | ||
| 541 | _j1 | ||
| 541 | _j2 | ||
| 562 | _e2 | ||
| 942 |
_2lcc _cBK _kM |
||
| 999 |
_c16948 _d16948 |
||